000 00669nam a22002177a 4500
003 UA-OsUOA
001 77805
007 ta
008 20110922b un ||||| |||| 00| 0 ukr d
100 _aСлонєвська Н.І.
090 _a330(477)
_bС48
942 _cSA
040 _aUA-OsUOA
_bukr
_cUA-OsUOA
_dUA-OsUOA
245 _aОсобливості оцінки працівників на підприємствах будіндустрії
300 _aС.13-17
955 _a0
041 _aukr
080 _a330(477)
773 0 _w77803
_tЕкономіка. Фінанси. Право.
_dК.
_d2011
_g7
650 7 _a330 Економіка взагалі
_2UDC
999 _c364109
_d364109